[Event "FSV-ch 2009"]
[Site "Dortmund"]
[Date "2009.04.02"]
[Round "2.22"]
[White "Kirmes, Hans-Uwe"]
[Black "Griese, Andreas"]
[Result "0-1"]
[WhiteElo "1389"]
[BlackElo "1156"]
[PlyCount "142"]
[EventDate "2009.??.??"]
[Source "Pit Schulenburg"]
[SourceDate "2009.02.27"]

1. f4 d6 2. Nf3 Nf6 3. e3 g6 4. d3 Bg7 5. Be2 O-O 6. O-O Nc6 7. Qe1 b6 8. Nbd2
Bb7 9. Nb3 e6 10. e4 h6 11. h3 a5 12. g4 Nh7 13. a3 a4 14. Nbd2 Nd4 15. Nxd4
Bxd4+ 16. Kh2 b5 17. Nf3 Bg7 18. Rg1 f6 19. h4 g5 20. f5 e5 21. h5 d5 22. Nd2
Rf7 23. Bf3 d4 24. b3 c5 25. Bb2 Rc7 26. Bd1 Ba6 27. c3 Bf8 28. bxa4 bxa4 29.
c4 Rb7 30. Bc1 Qa5 31. Nf3 Qc7 32. Nd2 Qc6 33. Bc2 Be7 34. Qd1 Qc7 35. Bxa4 Nf8
36. Bc2 Nd7 37. a4 Rba7 38. Rb1 Bb7 39. Ra1 Bc6 40. Rf1 Nb6 41. Nb1 Nxa4 42.
Bxa4 Bxa4 43. Qd2 Qa5 44. Rf2 Qxd2 45. Rxd2 Bc6 46. Rxa7 Rxa7 47. Rb2 Kf7 48.
Kg2 Ba4 49. Kf2 Ke8 50. Ke1 Bd8 51. Bd2 Kd7 52. Bc1 Kc6 53. Na3 Rb7 54. Rxb7
Kxb7 55. Bd2 Ka6 56. Ke2 Ba5 57. Bxg5 fxg5 58. Nb5 Bd8 59. Nd6 Bf6 60. Nf7 Bg7
61. f6 Bxf6 62. Nxh6 Ka5 63. Nf5 Kb4 64. h6 Kc3 65. Nd6 Bc2 66. Nb5+ Kb4 67.
Kd2 Ba4 68. Nd6 Bd7 69. Nf5 Bxf5 70. exf5 Kb3 71. h7 Kb2 0-1

[Event "FSV-ch 2009"]
[Site "Dortmund"]
[Date "2009.04.02"]
[Round "2.23"]
[White "Hast, Stefan"]
[Black "Gennat, Egon L"]
[Result "0-1"]
[WhiteElo "1143"]
[BlackElo "1362"]
[PlyCount "114"]
[EventDate "2009.??.??"]
[Source "Pit Schulenburg"]
[SourceDate "2009.02.27"]

1. e4 d5 2. exd5 Qxd5 3. Nc3 Qa5 4. Nf3 Nf6 5. d4 c6 6. Bd2 Qc7 7. h3 Bf5 8.
Nh4 Be6 9. Bd3 g6 10. Nf3 Bg7 11. Ne2 b5 12. Nf4 Bd5 13. Nxd5 Nxd5 14. c3 Nd7
15. O-O O-O 16. Re1 Rfe8 17. Bg5 N7f6 18. Qc2 Rac8 19. Bh4 Nh5 20. Qd2 c5 21.
Bxb5 Red8 22. c4 Ndf6 23. Qe3 Bf8 24. dxc5 Qxc5 25. Qxc5 Rxc5 26. b4 Rc7 27. c5
Rb7 28. a4 a6 29. c6 Rb6 30. c7 Rc8 31. Bxa6 Rxa6 32. b5 Rb6 33. Rac1 Rb7 34.
g4 Nf4 35. Bg3 N6d5 36. Rcd1 Rbxc7 37. Rxd5 Nxd5 38. Bxc7 Rxc7 39. Rb1 e6 40.
b6 Rb7 41. a5 Bb4 42. Ra1 Bc3 43. Ra3 Kf8 44. Ng5 Ke7 45. Ne4 Bb4 46. a6 Rxb6
47. a7 Nc7 48. a8=Q Nxa8 49. Rxa8 f5 50. Ra7+ Kf8 51. Ra8+ Kg7 52. Ra7+ Kf8 53.
Ng5 h6 54. Ra8+ Ke7 55. Ra7+ Kf6 56. Nh7+ Ke5 57. Nf8 Bxf8 0-1

[Event "FSV-ch 2009"]
[Site "Dortmund"]
[Date "2009.04.02"]
[Round "2.25"]
[White "Oelze, Eckhardt"]
[Black "Skalweit, Wolfgang"]
[Result "1-0"]
[WhiteElo "1002"]
[BlackElo "1347"]
[PlyCount "81"]
[EventDate "2009.??.??"]
[Source "Pit Schulenburg"]
[SourceDate "2009.02.27"]

1. e4 e5 2. Nf3 d6 3. Bc4 h6 4. h3 Nf6 5. Nc3 c6 6. O-O Be7 7. d4 exd4 8. Nxd4
O-O 9. b3 Qa5 10. Bb2 Nbd7 11. Re1 Ne5 12. Be2 Qb4 13. Nf5 Bxf5 14. exf5 Qf4
15. Bd3 Rfe8 16. Ne4 d5 17. g3 Nf3+ 18. Kf1 Nh2+ 19. Kg2 Qf3+ 20. Qxf3 Nxf3 21.
Nxf6+ Bxf6 22. Rxe8+ Rxe8 23. Bxf6 gxf6 24. Kxf3 Kf8 25. g4 Re5 26. h4 Ke7 27.
Kf4 Kd6 28. Rh1 b5 29. g5 fxg5+ 30. hxg5 hxg5+ 31. Kxg5 Ke7 32. f4 Re3 33. f6+
Kd6 34. Kf5 Re8 35. c4 a6 36. Rd1 Re3 37. cxb5 cxb5 38. a4 bxa4 39. bxa4 a5 40.
Bc4 Kc5 41. Bxd5 1-0

[Event "FSV-ch 2009"]
[Site "Dortmund"]
[Date "2009.04.02"]
[Round "2.26"]
[White "Skoecz, Horst"]
[Black "Rabe, Mark"]
[Result "1/2-1/2"]
[WhiteElo "1335"]
[BlackElo "998"]
[PlyCount "71"]
[EventDate "2009.??.??"]
[Source "Pit Schulenburg"]
[SourceDate "2009.02.27"]

1. e4 e5 2. c3 Nf6 3. Nf3 Nc6 4. d3 d5 5. exd5 Nxd5 6. Qb3 Na5 7. Qa4+ c6 8. c4
Nb4 9. Nxe5 Bf5 10. Bd2 Nxd3+ 11. Nxd3 Bxd3 12. Qxa5 Qe7+ 13. Kd1 Bxb1 14. Rxb1
Qe4 15. Rc1 Be7 16. Qc3 O-O 17. Qe3 Qg4+ 18. f3 Qd7 19. Bd3 h6 20. Qe4 f5 21.
Qe2 Rae8 22. Bc2 Bf6 23. Qd3 Qe7 24. Re1 Qc5 25. Qxf5 Rxe1+ 26. Kxe1 Qg1+ 27.
Ke2 Re8+ 28. Be4 Qxg2+ 29. Kd3 Rd8+ 30. Kc2 Qxd2+ 31. Kb3 Qxb2+ 32. Ka4 Qxa2+
33. Kb4 Qb2+ 34. Ka4 Qa2+ 35. Kb4 Qb2+ 36. Ka4 (36. Ka4 b5+ 37. cxb5 Rd4+ 38.
Ka5 Qa2#) 1/2-1/2

[Event "FSV-ch 2009"]
[Site "Dortmund"]
[Date "2009.04.02"]
[Round "2.27"]
[White "Böckmann, Lieselotte"]
[Black "Schaefer, Ulrich"]
[Result "1-0"]
[WhiteElo "991"]
[BlackElo "1328"]
[PlyCount "57"]
[EventDate "2009.??.??"]
[Source "Pit Schulenburg"]
[SourceDate "2009.02.27"]

1. d4 Nf6 2. Bf4 e6 3. a3 c5 4. e3 Qb6 5. c3 Qxb2 6. Nd2 Qxc3 7. Ngf3 cxd4 8.
Rc1 Qa5 9. Rxc8+ Ke7 10. Nxd4 Ne4 11. Bd3 Nxd2 12. Ke2 Kf6 13. Nb3 Nxb3 14.
Qxb3 e5 15. Bg3 g6 16. Re8 d6 17. Rd1 Bg7 18. Rxh8 Bxh8 19. Bc4 Qc7 20. f4 Nc6
21. fxe5+ dxe5 22. Rf1+ Kg5 23. Rxf7 Qa5 24. Rxh7 Rd8 25. Bh4+ Kf5 26. Qc2+ e4
27. Rf7+ Kg4 28. Qxe4+ Kh5 29. Rh7# 1-0

[Event "FSV-ch 2009"]
[Site "Dortmund"]
[Date "2009.03.30"]
[Round "2.28"]
[White "Herrmann, Rudolf"]
[Black "Weih, Kurt"]
[Result "1-0"]
[WhiteElo "1326"]
[BlackElo "1232"]
[PlyCount "49"]
[EventDate "2009.??.??"]
[Source "Pit Schulenburg"]
[SourceDate "2009.02.27"]

1. d4 d5 2. Nf3 Nc6 3. c4 Nf6 4. Nc3 Bf5 5. e3 e6 6. Be2 Nb4 7. O-O Nc2 8. Bd2
$4 (8. Rb1 Nb4 9. Ra1 Nc2 10. Rb1 Nb4 $11) (8. e4 dxe4 9. Qxc2 exf3 10. Qa4+
Qd7 11. Qxd7+ Kxd7 12. Bxf3 Bd3 13. Be2 $11) 8... Nxa1 9. Qa4+ Qd7 10. Rxa1
Qxa4 11. Nxa4 dxc4 12. Ne5 b5 {Schwarz kann so spielen, aber es ihm nicht klar,
dass durch den Bauernzug zwei schwache Felder in seinem Lager entstanden sind.
Das mangelnde Problembewusstsein raecht sich bald ...} 13. Nc3 a6 14. Bf3 Rb8 (
14... Rd8) 15. Bc6+ Ke7 16. e4 Bg6 17. d5 Rd8 18. Be3 Ne8 19. Bb7 Kf6 20. Ng4+
(20. Nc6 $1 $18) 20... Ke7 21. Bc5+ Nd6 22. e5 h5 (22... b4 $1 23. Ne2 (23.
Bxb4 $2 Rb8 $17) 23... f6 24. exd6+ cxd6 {und Weiss hat zwar voruebergehend
Material gewonnen, doch hat er einen "Knoten" in der Stellung. Der
angegriffene Laeufer hat kein geeignetes Rueckzugsfeld, z.B.} 25. Bxb4 (25. Bd4
e5 26. Be3 h5 $1) 25... Rb8) 23. Ne3 a5 (23... Kd7 $1 24. exd6 exd5 25. Ncxd5
Bxd6 26. Bxd6 Kxd6 27. Bxa6 $2 c6 28. Nb4 Kc5 {usw.}) 24. Nxb5 Rb8 25. exd6+
1-0

[Event "FSV-ch 2009"]
[Site "Dortmund"]
[Date "2009.04.02"]
[Round "2.29"]
[White "Hübel, Carsten"]
[Black "Schirmer, Florian"]
[Result "1-0"]
[WhiteElo "1270"]
[BlackElo "965"]
[PlyCount "39"]
[EventDate "2009.??.??"]
[Source "Pit Schulenburg"]
[SourceDate "2009.02.27"]

1. c4 Nf6 2. g3 g6 3. Bg2 Bg7 4. d3 Nc6 5. Nf3 d5 6. Bd2 O-O 7. cxd5 Nxd5 8.
Nc3 Nb6 9. Qc1 Bf5 10. Bh6 e5 11. O-O Qf6 12. e4 Bg4 13. Bxg7 Kxg7 14. Nh4 Nd4
15. f4 Qc6 (15... Be2 16. fxe5 Qxe5 17. Qf4 Qxf4 18. Rxf4 Rad8 $17) 16. f5 Be2
(16... f6) 17. f6+ Kg8 $4 (17... Kh8 18. Qh6 Rg8 19. Nxe2 Nxe2+ 20. Kh1 Nd4 $1
21. Nf3 Nxf3 22. Rxf3 Nd7 23. Raf1 g5 $15) 18. Qh6 Ne6 19. Nxe2 Qc2 20. Bh3 1-0

[Event "FSV-ch 2009"]
[Site "Dortmund"]
[Date "2009.04.02"]
[Round "2.30"]
[White "Wangrin, Stefan A"]
[Black "Skoecz, Hugo"]
[Result "1-0"]
[WhiteElo "947"]
[BlackElo "1261"]
[PlyCount "79"]
[EventDate "2009.??.??"]
[Source "Pit Schulenburg"]
[SourceDate "2009.02.27"]

1. e4 e5 2. Nf3 d6 3. h3 Nf6 4. Nc3 a6 5. a4 Nc6 6. Bc4 h6 7. d3 g5 8. Bd2 g4
9. Ng1 gxh3 10. Nxh3 Bxh3 11. Rxh3 Nd4 12. Nd5 Nxd5 13. Bxd5 c6 14. Ba2 Qd7 15.
Ba5 Rg8 16. Rh1 Rxg2 17. c3 Ne6 18. Qd2 Nf4 19. O-O-O c5 20. Qc2 b5 21. Bb3 Rc8
22. c4 b4 23. Rd2 f5 24. f3 Rxd2 25. Qxd2 fxe4 26. dxe4 h5 27. Qh2 Bh6 28. Kc2
Qe7 29. Rg1 Qf7 30. Kb1 Ne6 31. Bd1 Nd4 32. f4 Qxf4 33. Rg8+ Bf8 34. Qxh5+ Qf7
35. Qg4 Rb8 36. Bc7 Qxc7 37. Qg6+ Qf7 38. Qxd6 Qe7 39. Bh5+ Qf7 40. Rxf8# 1-0

[Event "FSV-ch 2009"]
[Site "Dortmund"]
[Date "2009.04.16"]
[Round "3.1"]
[White "Lauche, Christoph"]
[Black "Wickenfeld, Stefan"]
[Result "0-1"]
[WhiteElo "1927"]
[BlackElo "1833"]
[PlyCount "34"]
[EventDate "2009.??.??"]
[SourceDate "2009.04.03"]

1. e4 e6 2. d4 d5 3. e5 c5 4. b4 cxd4 5. a3 a6 6. Nf3 Nc6 7. Bd3 f6 8. Bf4 fxe5
9. Nxe5 Nf6 10. Nd2 Bd6 11. Ndf3 Qc7 12. Qe2 Nxe5 13. Bxe5 Qc3+ 14. Qd2 Qxa1+
15. Ke2 Qxh1 16. Bxd6 Qxg2 17. Bg3 O-O 0-1

[Event "FSV-ch 2009"]
[Site "Dortmund"]
[Date "2009.04.16"]
[Round "3.2"]
[White "Geelhaar, Thorsten"]
[Black "Begna, Bozidar"]
[Result "0-1"]
[WhiteElo "1757"]
[BlackElo "1933"]
[PlyCount "126"]
[EventDate "2009.??.??"]
[SourceDate "2009.04.03"]

1. e4 d6 2. f4 Nf6 3. Nc3 c5 4. Nf3 Nc6 5. Bb5 g6 6. O-O Bg7 7. Qe1 O-O 8. Bxc6
bxc6 9. d3 Ne8 10. Qh4 f5 11. e5 Nc7 12. b3 Ne6 13. Ne2 d5 14. Kh1 c4 15. Ba3
c5 16. b4 cxd3 17. cxd3 Ba6 18. Rfd1 Re8 19. g4 Rc8 20. gxf5 gxf5 21. Ng5 Nf8
22. Qh5 d4 23. Qf7+ Kh8 24. Qxf5 Bb7+ 25. Ne4 c4 26. Kg1 Qd5 27. N2g3 cxd3 28.
Rxd3 Rc3 29. Rxc3 dxc3 30. Qg4 Qd4+ 31. Nf2 c2 32. Rf1 Ng6 33. Nh5 Rg8 34. f5
Qxg4+ 35. Nxg4 Nxe5 36. Nxg7 Nxg4 37. Ne6 Ne3+ 38. Kf2 Nc4 39. Bc1 Rg2+ 40. Ke1
Kg8 41. Nc5 Bd5 42. Rf2 {(=)} 42... Rg1+ 43. Rf1 Rxf1+ 44. Kxf1 Nd6 45. a3 Nxf5
46. Ke2 Nd4+ 47. Ke3 e5 48. Bb2 Nf3 49. h3 Kf7 50. Kd3 Nd4 51. Kd2 Kf6 52. a4
Kf5 53. b5 Kf4 54. Bxd4 exd4 55. a5 Kg3 56. b6 axb6 57. axb6 Kxh3 58. Kxc2 Kg3
59. Ne6 Be4+ 60. Kd2 h5 61. Nxd4 Bb7 62. Nf5+ Kf4 63. Nh4 Kg5 0-1

[Event "FSV-ch 2009"]
[Site "Dortmund"]
[Date "2009.04.16"]
[Round "3.3"]
[White "Vöpel, Karl-Heinz"]
[Black "Jost, Udo"]
[Result "0-1"]
[WhiteElo "1635"]
[BlackElo "1802"]
[PlyCount "60"]
[EventDate "2009.??.??"]
[SourceDate "2009.04.03"]

1. e4 c5 2. f4 Nc6 3. Nf3 e6 4. c3 Nf6 5. e5 Nd5 6. d4 cxd4 7. Nxd4 Bc5 8. Nb3
Bb6 9. Qf3 O-O 10. Bc4 Nde7 11. Be3 f6 12. Bxb6 Qxb6 13. exf6 Rxf6 14. Rf1 d5
15. Be2 e5 16. g3 Bh3 17. Rh1 e4 18. Qf2 e3 19. Qf3 Bf5 20. Rg1 a5 21. Na3 a4
22. Nd4 Qxb2 23. Rd1 Qxc3+ 24. Kf1 Nxd4 25. Rxd4 Bh3+ 26. Rg2 Qxd4 27. Nc2 Qc3
28. Nxe3 Re8 29. Kf2 Qc5 30. g4 Bxg2 0-1

[Event "FSV-ch 2009"]
[Site "Dortmund"]
[Date "2009.04.16"]
[Round "3.4"]
[White "Morawietz, Manuel"]
[Black "Lemke, Philipp"]
[Result "1-0"]
[WhiteElo "1783"]
[BlackElo "1755"]
[PlyCount "53"]
[EventDate "2009.??.??"]
[SourceDate "2009.04.03"]

1. e4 e5 2. Nf3 Nc6 3. Bb5 a6 4. Bxc6 dxc6 5. O-O f6 6. d4 exd4 7. Nxd4 Bd6 8.
f4 Ne7 9. Be3 O-O 10. Nd2 b5 11. c4 Bd7 12. Qc2 bxc4 13. Qxc4+ Kh8 14. Ne6 Bxe6
15. Qxe6 Re8 16. Qc4 Rb8 17. b3 a5 18. Rad1 Qc8 19. f5 Rb4 20. Qc2 Rb5 21. Nc4
Bc5 22. Bxc5 Rxc5 23. Qf2 Rb5 24. Qd4 Qa6 25. Qd7 Qa7+ 26. Kh1 Rbb8 27. Nd6 1-0

[Event "FSV-ch 2009"]
[Site "Dortmund"]
[Date "2009.04.16"]
[Round "3.5"]
[White "Sonntag, Joachim"]
[Black "Rzoczek, Christoph"]
[Result "1-0"]
[WhiteElo "1760"]
[BlackElo "1609"]
[PlyCount "163"]
[EventDate "2009.??.??"]
[SourceDate "2009.04.03"]

1. e4 d5 2. exd5 Qxd5 3. Nc3 Qa5 4. d4 Nf6 5. Nf3 Bg4 6. Be2 c6 7. O-O Bxf3 8.
Bxf3 e6 9. Bf4 Nbd7 10. a3 Be7 11. Re1 O-O 12. Qd3 Qd8 13. Rad1 Nb6 14. Ne4
Nfd5 15. Be5 Nd7 16. Bg3 f5 17. Nc5 Nxc5 18. dxc5 f4 19. Qe4 fxg3 20. Qxe6+ Kh8
21. hxg3 Rf6 22. Qe5 Bxc5 23. c4 Bd6 24. Qe4 Nc7 25. c5 Re6 26. Rxd6 Rxd6 27.
cxd6 Qxd6 28. Rd1 Nd5 29. Qd4 Qf6 30. Qd2 Rd8 31. Qa5 a6 32. Bxd5 Rxd5 33. Rxd5
cxd5 34. Qxd5 Qb6 35. b4 h6 36. g4 Kh7 37. Qf7 Qc6 38. Kh2 b5 39. f4 Qd6 40.
Qf5+ Kh8 41. Kg3 Qc6 42. Qf8+ Kh7 43. Qc5 Qb7 44. Qf5+ Kh8 45. g5 hxg5 46. Qxg5
Qe4 47. Qh5+ Kg8 48. Qf3 Qg6+ 49. Kh2 Qh6+ 50. Kg1 Qe6 51. g4 Kh7 52. Kg2 Qc4
53. Qe3 Qc6+ 54. Kg3 Qc4 55. g5 Qc6 56. Qd3+ g6 57. Qd4 Qe6 58. Qa7+ Kg8 59.
Qb8+ Kh7 60. Qc7+ Kg8 61. Qe5 Qb3+ 62. Kh4 Qf3 63. Qe6+ Kh7 64. Qf7+ Kh8 65.
Qf8+ Kh7 66. Qh6+ Kg8 67. Qxg6+ Kf8 68. Qd6+ Kg8 69. g6 Kg7 70. Qe5+ Kxg6 71.
Qg5+ Kf7 72. Qh5+ Qxh5+ 73. Kxh5 Kf6 74. Kg4 Kg6 75. f5+ Kf7 76. Kg5 Ke7 77.
f6+ Kf8 78. Kf5 Kf7 79. Ke5 Ke8 80. Kd6 Kf7 81. Kc6 Kxf6 82. Kb6 1-0

[Event "FSV-ch 2009"]
[Site "Dortmund"]
[Date "2009.04.08"]
[Round "3.6"]
[White "Clausen, Dirk"]
[Black "Stukemeier, Ralf"]
[Result "0-1"]
[WhiteElo "1633"]
[BlackElo "1781"]
[PlyCount "82"]
[EventDate "2009.??.??"]
[SourceDate "2009.04.03"]

1. c4 g6 2. d4 Nf6 3. Nc3 Bg7 4. e4 d6 5. Nf3 O-O 6. Bg5 c6 7. h3 h6 8. Bf4 a6
9. Qd2 Kh7 10. Bd3 Nh5 11. Bh2 Nf6 12. O-O-O b5 13. e5 Ne8 14. h4 Qa5 15. h5 b4
16. hxg6+ fxg6 17. Ne4 d5 18. Neg5+ Kg8 19. Bxg6 Qxa2 20. Bb1 Qxc4+ 21. Qc2
Qxc2+ 22. Bxc2 hxg5 23. Nxg5 Bf5 24. Ba4 Nc7 25. g4 Be4 26. Nxe4 dxe4 27. Bc2
e6 28. Bxe4 Rxf2 29. Bg3 Rf7 30. Bh7+ Kf8 31. Rdf1 Bh6+ 32. Kc2 Rxf1 33. Rxf1+
Kg7 34. Be4 Nd5 35. Kb3 Nd7 36. Bh4 Be3 37. g5 a5 38. g6 Rf8 39. Rh1 Rf4 40.
Bf6+ N7xf6 41. exf6+ Nxf6 0-1

[Event "FSV-ch 2009"]
[Site "Dortmund"]
[Date "2009.04.16"]
[Round "3.7"]
[White "Barth, Hans-Joachim"]
[Black "Raskin, Vitali"]
[Result "1-0"]
[WhiteElo "1766"]
[BlackElo "1626"]
[PlyCount "67"]
[EventDate "2009.??.??"]
[SourceDate "2009.04.03"]

1. b3 Nc6 2. Bb2 e5 3. e3 Nf6 4. c4 d6 5. d3 Bg4 6. Be2 h5 7. Nc3 Qd7 8. Bf3
O-O-O 9. Bxc6 Qxc6 10. f3 Be6 11. Nge2 Qb6 12. Qd2 d5 13. Na4 Qd6 14. c5 Qc6
15. Bxe5 Nd7 16. Nd4 Qa6 17. Bf4 Nxc5 18. Rc1 Nxd3+ 19. Qxd3 Qxd3 20. Rxc7+ Kb8
21. Rc3+ Ka8 22. Rxd3 Bb4+ 23. Ke2 Bd7 24. Nc3 Rc8 25. Nxd5 Bc5 26. Rhd1 Bxd4
27. Rxd4 Rc2+ 28. Kd3 Rhc8 29. Nb6+ axb6 30. Rxd7 R2c3+ 31. Ke2 Rc2+ 32. R1d2
g6 33. R7d4 Rc1 34. Ra4# 1-0

[Event "FSV-ch 2009"]
[Site "Dortmund"]
[Date "2009.04.16"]
[Round "3.8"]
[White "Hillebrand, Carsten"]
[Black "Reinacher, Detlev"]
[Result "1-0"]
[WhiteElo "1874"]
[BlackElo "1567"]
[PlyCount "75"]
[EventDate "2009.??.??"]
[SourceDate "2009.04.03"]

1. c4 Nf6 2. g3 g6 3. Bg2 Bg7 4. Nc3 c6 5. e4 d6 6. d3 Nbd7 7. Nge2 Qc7 8. Rb1
a6 9. O-O O-O 10. h3 b5 11. Be3 Bb7 12. b4 e5 13. Qb3 Rab8 14. Rfc1 bxc4 15.
dxc4 c5 16. b5 Bc6 17. a4 axb5 18. cxb5 Ba8 19. Qa2 Qa5 20. Rd1 Ne8 21. Bd2 Kh8
22. Nd5 Bxd5 23. exd5 Qa8 24. a5 f5 25. Nc3 f4 26. Bf1 fxg3 27. fxg3 Ndf6 28.
b6 Nh5 29. a6 Nxg3 30. b7 Qa7 31. Nb5 Qb6 32. Nd4 Qd8 33. Ne6 Rxf1+ 34. Rxf1
Qh4 35. Bg5 Qxh3 36. Qg2 Qxg2+ 37. Kxg2 Nxf1 38. Kxf1 1-0

[Event "FSV-ch 2009"]
[Site "Dortmund"]
[Date "2009.04.16"]
[Round "3.9"]
[White "Volmer, Martin"]
[Black "Dite, Alexander"]
[Result "1-0"]
[WhiteElo "1597"]
[BlackElo "1578"]
[PlyCount "75"]
[EventDate "2009.??.??"]
[SourceDate "2009.04.03"]

1. d4 d5 2. c4 e6 3. Nc3 Nf6 4. cxd5 exd5 5. Bg5 Be7 6. Qc2 g6 7. e3 Bf5 8. Bd3
Bxd3 9. Qxd3 c6 10. Nf3 O-O 11. O-O Nbd7 12. Rab1 Nb6 13. Ne5 Nfd7 14. Bxe7
Qxe7 15. f4 Rae8 16. Rf3 f6 17. Nxd7 Nxd7 18. f5 g5 19. b4 b5 20. a4 a6 21. a5
h5 22. h3 Rf7 23. Nd1 Rh7 24. Qc3 Nb8 25. Nf2 Kf7 26. Re1 Rg8 27. e4 g4 28.
Rfe3 Qd7 29. Qd3 Rhg7 30. h4 Re8 31. e5 Qd8 32. exf6 Rxe3 33. Rxe3 (33. Qxe3 $1
$18) 33... Qxf6 34. g3 Kf8 35. Re6 Qd8 36. f6 Rf7 37. Qg6 Qd7 38. Re5 1-0

[Event "FSV-ch 2009"]
[Site "Dortmund"]
[Date "2009.04.16"]
[Round "3.10"]
[White "Lindam, Ingo"]
[Black "Herrmann, Rudolf"]
[Result "1-0"]
[WhiteElo "2055"]
[BlackElo "1371"]
[PlyCount "71"]
[EventDate "2009.??.??"]
[SourceDate "2009.04.03"]

1. d4 d5 2. Nf3 Nf6 3. Bf4 Bf5 4. c4 e6 5. Nc3 Bd6 6. Bg5 O-O 7. Qb3 h6 8. Bxf6
Qxf6 9. cxd5 e5 10. dxe5 Bxe5 11. Nxe5 Qxe5 12. e3 Nd7 13. O-O-O Nc5 14. Qc4 b6
15. g4 Be4 16. f4 Qe7 17. Nxe4 Nxe4 18. Qc2 Nd6 19. Re1 a6 20. Bd3 Rfe8 21. h4
Nb5 22. g5 h5 23. g6 f6 24. a4 Red8 25. axb5 axb5 26. Qb3 Qc5+ 27. Kb1 Qd6 28.
Bxb5 Ra5 29. Bc6 f5 30. Rhg1 Rf8 31. Rg5 Rf6 32. Be8 Kf8 33. Bf7 Rxf7 34. gxf7
Kxf7 35. Rxf5+ Ke7 36. Rg1 1-0

[Event "FSV-ch 2009"]
[Site "Dortmund"]
[Date "2009.04.16"]
[Round "3.11"]
[White "Krüger, Inge"]
[Black "Zelt, Jens"]
[Result "0-1"]
[WhiteElo "1336"]
[BlackElo "2026"]
[PlyCount "66"]
[EventDate "2009.??.??"]
[SourceDate "2009.04.03"]

1. d4 d6 2. c4 g6 3. Nf3 Bg7 4. e3 c6 5. Be2 Qc7 6. O-O Nd7 7. Nc3 Ngf6 8. Bd2
O-O 9. Rc1 e5 10. e4 h6 11. d5 c5 12. Qc2 a6 13. a3 b6 14. b4 Nh5 15. Nh4 Nf4
16. Bxf4 exf4 17. Qb1 Qd8 18. g3 Ne5 19. Kh1 Bh3 20. Rfe1 Rb8 21. Nf3 fxg3 22.
fxg3 Qf6 23. Ng1 Bd7 24. Rf1 Qe7 25. Nd1 h5 26. Nf2 Bh6 27. Rc3 f5 28. Qd1 f4
29. gxf4 Rxf4 30. Nf3 Ng4 31. Nxg4 Bxg4 32. Bd3 Rbf8 33. Bb1 Qf6 0-1

[Event "FSV-ch 2009"]
[Site "Dortmund"]
[Date "2009.04.16"]
[Round "3.12"]
[White "Grube, Jörg"]
[Black "Hübel, Carsten"]
[Result "1-0"]
[WhiteElo "1786"]
[BlackElo "1272"]
[PlyCount "27"]
[EventDate "2009.??.??"]
[SourceDate "2009.04.03"]

1. e4 c5 2. Nf3 g6 3. d4 e6 4. Be3 Bg7 5. Nc3 cxd4 6. Bxd4 f6 7. Nb5 d6 8. Bc3
d5 9. exd5 exd5 10. Qxd5 Qe7+ 11. Be2 Bf8 12. O-O-O Nc6 13. Rhe1 Be6 14. Qxe6
1-0

[Event "FSV-ch 2009"]
[Site "Dortmund"]
[Date "2009.04.16"]
[Round "3.13"]
[White "Behler, Nils"]
[Black "Rüttiger, Volker"]
[Result "1-0"]
[WhiteElo "1741"]
[BlackElo "1261"]
[PlyCount "47"]
[EventDate "2009.??.??"]
[SourceDate "2009.04.03"]

1. e4 e5 2. Nf3 Nc6 3. Bc4 d6 4. d4 Nxd4 5. Nxd4 exd4 6. Qxd4 Qf6 7. Qd1 Bd7 8.
Nc3 Qg6 9. O-O O-O-O 10. Be3 Kb8 11. a4 Ne7 12. f4 f5 13. Qe1 fxe4 14. Bxa7+
Kxa7 15. Nb5+ Kb8 16. Qa5 Bxb5 17. axb5 Kc8 18. Qa8+ Kd7 19. Qxb7 d5 20. Ra6
Qf7 21. b6 Nc8 22. Qxc7+ Ke6 23. Qe5+ Kd7 24. Bb5# 1-0

[Event "FSV-ch 2009"]
[Site "Dortmund"]
[Date "2009.04.16"]
[Round "3.14"]
[White "Wickenfeld, Udo"]
[Black "Bommert, Christian"]
[Result "0-1"]
[WhiteElo "1220"]
[BlackElo "1656"]
[PlyCount "92"]
[EventDate "2009.??.??"]
[SourceDate "2009.04.03"]

1. d4 f5 2. c4 d6 3. Nf3 Nf6 4. g3 g6 5. Bg2 Bg7 6. O-O O-O 7. Nc3 Qe8 8. b3
Na6 9. a3 e5 10. e3 e4 11. Ne1 c6 12. f3 d5 13. c5 Nc7 14. Bb2 Be6 15. a4 a5
16. Qd2 g5 17. Ra3 Qh5 18. Ne2 Qh6 19. Bc3 exf3 20. Nxf3 Ne4 21. Qe1 g4 22. Nf4
gxf3 23. Bxf3 Nxc3 24. Qxc3 Bd7 25. Re1 Ne8 26. Ra2 Nf6 27. Rae2 Ne4 28. Qc2
Kh8 29. Rg2 Bf6 30. Qc1 Bd8 31. Ree2 Bc7 32. Qe1 Ng5 33. Qf1 Rae8 34. g4 fxg4
35. Bxg4 Bxg4 36. Rxg4 Re4 37. Rh4 Qxh4 38. Ng6+ hxg6 39. Qxf8+ Kh7 40. Kh1
Rxe3 41. Qf1 Rxe2 42. Qxe2 Qe4+ 43. Qg2 Qe1+ 44. Qg1 Qxg1+ 45. Kxg1 Nf3+ 46.
Kg2 Nxd4 0-1

[Event "FSV-ch 2009"]
[Site "Dortmund"]
[Date "2009.04.16"]
[Round "3.16"]
[White "Weischer, Wolfgang"]
[Black "Ortlepp, Olaf"]
[Result "1-0"]
[WhiteElo "1578"]
[BlackElo "1022"]
[PlyCount "59"]
[EventDate "2009.??.??"]
[SourceDate "2009.04.03"]

1. e4 c6 2. d4 d6 3. c4 Nf6 4. Nc3 Nbd7 5. f4 Qa5 6. Bd3 e5 7. d5 Be7 8. Nf3
Ng4 9. h3 Ndf6 10. hxg4 Nxg4 11. Qc2 h5 12. Bd2 Qb6 13. Rf1 h4 14. Na4 Qd8 15.
O-O-O h3 16. gxh3 Rxh3 17. Nc3 Bd7 18. Rde1 Bh4 19. Nxh4 Qxh4 20. Be2 Nf2 21.
Nd1 Nh1 22. fxe5 dxe5 23. Ne3 Ng3 24. Ng2 Qh7 25. Rg1 f5 26. exf5 O-O-O 27. Bd3
e4 28. Bxe4 Re8 29. dxc6 Bxc6 30. Bxc6 1-0

[Event "FSV-ch 2009"]
[Site "Dortmund"]
[Date "2009.04.16"]
[Round "3.17"]
[White "Benke, Werner"]
[Black "Oelze, Eckhardt"]
[Result "1-0"]
[WhiteElo "1555"]
[BlackElo "992"]
[PlyCount "58"]
[EventDate "2009.??.??"]
[SourceDate "2009.04.03"]

1. e4 e5 2. f4 Nc6 3. Nf3 d6 4. Bc4 Nf6 5. d3 g6 6. Ng5 d5 7. exd5 Nxd5 8. Qf3
Be6 9. O-O Bc5+ 10. Kh1 O-O 11. Bd2 Nd4 12. Qd1 exf4 13. Nxe6 fxe6 14. c3 Nc6
15. Qe2 Qf6 16. d4 Bd6 17. Qe4 Qh4 18. Qxe6+ Kg7 19. Be1 Qh6 20. Bxd5 f3 21.
Qh3 fxg2+ 22. Bxg2 Rxf1+ 23. Bxf1 Qf4 24. Nd2 Re8 25. Nc4 Qe4+ 26. Qg2 Qf4 27.
Bg3 Qf7 28. Bxd6 cxd6 29. Nxd6 Qd7 1-0

[Event "FSV-ch 2009"]
[Site "Dortmund"]
[Date "2009.04.16"]
[Round "3.18"]
[White "Fahle, Karl-Wilhelm"]
[Black "Raabe, Hans-Ulrich"]
[Result "1/2-1/2"]
[WhiteElo "1201"]
[BlackElo "1520"]
[PlyCount "43"]
[EventDate "2009.??.??"]
[SourceDate "2009.04.03"]

1. e4 e5 2. Nf3 Nc6 3. Bb5 a6 4. Ba4 Nf6 5. O-O Be7 6. Qe2 b5 7. Bb3 O-O 8. c3
d6 9. d4 Bg4 10. h3 Bxf3 11. Qxf3 exd4 12. Rd1 Ne5 13. Qe2 dxc3 14. Nxc3 Nc6
15. Bf4 Re8 16. e5 Bf8 17. Qf3 Nxe5 18. Bxe5 Rxe5 19. Nd5 Be7 20. Rac1 c5 21.
Nxf6+ Bxf6 22. Rxd6 1/2-1/2

[Event "FSV-ch 2009"]
[Site "Dortmund"]
[Date "2009.04.16"]
[Round "3.19"]
[White "Tautz, Eugen"]
[Black "Böckmann, Lieselotte"]
[Result "1-0"]
[WhiteElo "1419"]
[BlackElo "972"]
[PlyCount "75"]
[EventDate "2009.??.??"]
[SourceDate "2009.04.03"]

1. c4 c5 2. Nc3 Nc6 3. Nf3 Nf6 4. d4 cxd4 5. Nxd4 a6 6. e4 e5 7. Nf5 h6 8. Be2
g6 9. Ne3 Nd4 10. Bd3 Bg7 11. O-O O-O 12. Ned5 Ne8 13. Be3 d6 14. Qd2 g5 15.
Ne2 f5 16. exf5 Bxf5 17. Ng3 Bxd3 18. Qxd3 Nf6 19. Nxf6+ Rxf6 20. Nh5 Rf7 21.
Nxg7 Rxg7 22. Bxd4 exd4 23. Qxd4 Qd7 24. Rad1 Rf8 25. Qxd6 Qc8 26. b3 Rd8 27.
Qxd8+ Qxd8 28. Rxd8+ Kh7 29. Rfd1 b6 30. R1d7 Rxd7 31. Rxd7+ Kg6 32. Rd6+ Kf5
33. Rxb6 Ke4 34. Rxa6 Kd4 35. Rd6+ Kc3 36. c5 g4 37. c6 g3 38. c7 1-0